00362nam a2200157Ia 45000010006000000050017000060080041000230410008000640820015000721000027000872450037001142600009001513000028001606500008001886540008001961470520260306164934.0260306t2004||||xx |||||||||||||| ||spa|| aESP a515.9bB84 aBrown, James WardeAUT 0aVariable compleja y aplicaciones c2004 a457 páginas :c24 cm. aGEN aCMA